Elton John - Honky Château (Tracks) - Statistics

General Stats
  • This quiz has been taken 8 times
  • The average score is 7 of 10
Answer Stats
Track Number Track Name % Correct
1 Honky Cat
100%
5 Rocket Man (I Think It’s Going to Be a Long, Long Time)
88%
3 I Think I'm Going to Kill Myself
75%
2 Mellow
75%
10 Hercules
63%
9 Mona Lisas and Mad Hatters
63%
7 Slave
63%
4 Susie (Dramas)
50%
8 Amy
38%
6 Salvation
38%
No matching quizzes found
Score Distribution
Percent of People with Each Score
Percentile by Number Answered
Your Score History
You have not taken this quiz